La extinción de la pequeña industria: un oscuro porvenir /

保存先:
書誌詳細
第一著者: Duarte, Vilma
フォーマット: テキスト
タグ: タグ追加
タグなし, このレコードへの初めてのタグを付けませんか!

MARC

LEADER 00000 a a2200000 04500
001 45948
003
040 |a CRAI/IIS  |c CRAI/IIS 
100 |a Duarte, Vilma  
245 |a La extinción de la pequeña industria:   |b un oscuro porvenir /  |c Vilma Duarte  
773 |g volumen14, número371 (1994), páginas 9-11: fotos  
999 |c 20043  |d 20043